Geography General Knowledge A-Z - Statistics

General Stats
  • This quiz has been taken 104 times
  • The average score is 32 of 52
Answer Stats
Question Answer % Correct
F) The financial capital of Germany Frankfurt
93%
J) Bob Marley and Usain Bolt hail from this Caribbean island Jamaica
91%
T) The biggest city in Canada Toronto
91%
A) Its capital is Baku Azerbaijan
90%
V) Micro-nation inside Rome, home to the Pope Vatican City
90%
D) German for Germany Deutschland
89%
L) Famous Parisian museum housing some of the worldsmost prized art Louvre
89%
N) French emperor who was defeated at Waterloo in 1815and exiled Napoleon
89%
I) Name for the peninsula of Spain and Portugal Iberia
88%
S) River that runs through Paris Seine
87%
W) Capital of the USA Washington DC
87%
M) Italian Renaissance painter of the Sistine Chapel and Creation of Adam Michelangelo
84%
O) Florida city home to Disney World Orlando
84%
E) Vast, remote swampland across much of southern Florida Everglades
79%
S) Brigham Young led his Mormon followers to establish thiscapital city in Utah Salt Lake City
79%
R) This monument in South Dakota is a carving of 4 presidentialfaces on the side of a mountain Rushmore
77%
B) Famous gate monument in Berlin Brandenburg
76%
D) Deadly Allied beach attack on German occupied Normandy on June 6, 1944 D Day
76%
J) English king who signed the Magna Carta in 1215to appease rebellious barons John
74%
H) Carthaginian general who crossed the Alpsduring the 2nd Punic War Hannibal
73%
E) Small island near Italy where Napoleonwas exiled to in 1814 Elba
71%
G) Considered the deadliest Civil War battlebut a turning point for Union forces Gettysburg
71%
U) Massive sandstone rock in remote central Australia Uluru
71%
I) "Capital" of the Scottish Highlands Inverness
67%
W) Anglican church in London, famous for Royal coronations ofover 40 British monarchs Westminster Abbey
66%
Y) Longest river in China Yangtze
65%
B) Strait connecting Istanbul to theBlack Sea Bosphorus
63%
Z) Tropical archipelago off the coast of Tanzania Zanzibar
61%
K) Language derived from the Empire of the same namein ancient Cambodia and SE Asia Khmer
60%
C) Roman rival during the Punic Wars Carthage
59%
V) Massive waterfall complex on the Zambia-Zimbabwe border Victoria Falls
59%
P) Aka the "Steel city" of the US Pittsburgh
57%
K) Oblast of Russia sandwiched between Poland andLithuania Kaliningrad
56%
Y) Crimean city of the 1945 Allied conference of WW2 Yalta
56%
X) Chinese city where thousands of Terracotta warriors of EmperorShi Huangdi were unearthed Xian
54%
P) These two connected buildings mark the highest point inKuala Lumpur Petronas Towers
52%
G) Western Ireland port city on the river Corrib Galway
46%
H) Greek name for Greece Hellas
44%
A) The highest mountain inthe Americas Aconcagua
43%
Z) Remote province of the southern Netherlands near the border with Belgium Zeeland
43%
L) British ship sunk by a German u-boat on its way to Liverpool in 1915 Lusitania
40%
X) Mongol Kublai Khan had his empire at this capital Xanadu
38%
R) Religious movement that originated in Jamaica in the 1930s,once followed by Bob Marley Rastafarianism
35%
N) Famous 19th century castle on a hilltop in southern Germany Neuschwanstein
34%
C) Area of central Turkey with domed rockformations and hot air balloons Cappadocia
33%
T) The Aztecs had their capital here, now present day Mexico City Tenochtitlan
30%
F) This man wrote the Star Spangled Bannerduring the bombing of Baltimore in 1814 Francis Scott Key
28%
Q) Ancient Iranian city, site of the Fatima Masumeh shrine Qom
27%
O) Capital of Aruba Oranjestad
21%
M) Ancient civilization in modern day Yucatan, Mexico andparts of Central America Mayans
20%
Q) The patron God of Aztec priesthood Quetzalcoatl
12%
U) Current native name of Barrow, Alaska Utqiagvik
4%
No matching quizzes found
Score Distribution
Percent of People with Each Score
Percentile by Number Answered
Your Score History
You have not taken this quiz